| 000 | 00836cpcaa22002417a 4500 | ||
|---|---|---|---|
| 001 | mm 79003951 | ||
| 003 | DLC | ||
| 005 | 20260227111645.0 | ||
| 008 | 790111|||||||||||| ger | ||
| 010 | _amm 79003951 | ||
| 040 |
_aDLC _cDLC _edacs _dDLC |
||
| 041 |
_ager _aeng |
||
| 072 | 7 |
_aN _2lcmd |
|
| 245 | 0 | 0 |
_aBecker family collection, _f1826-1840. |
| 300 |
_a52 _fitems. |
||
| 506 | 0 | _aOpen to research. | |
| 533 |
_aIn part, handwritten transcripts. _b[S.l.]. |
||
| 546 | _aCollection material in German, with English. | ||
| 580 | _aForms part of: Miscellaneous Manuscripts collection. | ||
| 600 | 3 | 0 | _aBecker family. |
| 999 |
_c41423 _d41423 |
||